Under obligation (Record no. 66437)

MARC details
000 -LEADER
fixed length control field 01468cam a2200241 4500
008 - FIXED-LENGTH DATA ELEMENTS--GENERAL INFORMATION
fixed length control field 000000n2001 000 0 eng u
035 ## - SYSTEM CONTROL NUMBER
System control number (Sirsi) u111492
100 ## - MAIN ENTRY--PERSONAL NAME
Personal name Greene, K.
245 ## - TITLE STATEMENT
Title Under obligation
260 ## - PUBLICATION, DISTRIBUTION, ETC.
Date of publication, distribution, etc. 2001
490 ## - SERIES STATEMENT
Series statement Building Services Journal
Volume/sequential designation March 2001, 41(1)
520 ## - SUMMARY, ETC.
Summary, etc. Discusses the issue of negligent design. With reference to a number of cases, considers in what circumstances a designer is under continuing obligation to review a design, and at what stage his accountability ends. Looks in particular at the period of limitation, and conditions of appointment. Notes that proceedings must commence within the limitation period - six years for a simple contract - or they will be statute-barred. Concludes that between completion of a design and its embodiment in the structure, the consultant has a duty to review it, and before practical completion he also has the opportunity to put right any defects. Notes that the problems arise if the designer becomes aware of a defect after practical completion.
650 ## - SUBJECT ADDED ENTRY--TOPICAL TERM
Topical term or geographic name entry element DESIGN
650 ## - SUBJECT ADDED ENTRY--TOPICAL TERM
Topical term or geographic name entry element NEGLIGENCE
650 ## - SUBJECT ADDED ENTRY--TOPICAL TERM
Topical term or geographic name entry element CONDITIONS OF ENGAGEMENT
650 ## - SUBJECT ADDED ENTRY--TOPICAL TERM
Topical term or geographic name entry element LIMITATION PERIODS
650 ## - SUBJECT ADDED ENTRY--TOPICAL TERM
Topical term or geographic name entry element CONSULTANTS
650 ## - SUBJECT ADDED ENTRY--TOPICAL TERM
Topical term or geographic name entry element NEW ISLINGTON AND HACKNEY HOUSING ASSOCIATION V POLLARD THOMAS AND EDWARDS LTD
650 ## - SUBJECT ADDED ENTRY--TOPICAL TERM
Topical term or geographic name entry element TOZER KEMSLEY & MILLBURN (HOLDINGS) LTD V J JARVIS & SONS LTD
690 ## - LOCAL SUBJECT ADDED ENTRY--TOPICAL TERM (OCLC, RLIN)
Topical term or geographic name as entry element BUILT ENVIRONMENT-CONSTRUCTION DESIGN
700 ## - ADDED ENTRY--PERSONAL NAME
Personal name Francis, C.
942 ## - ADDED ENTRY ELEMENTS (KOHA)
Suppress in OPAC 0
Holdings
Withdrawn status Lost status Source of classification or shelving scheme Damaged status Not for loan Home library Current library Shelving location Date acquired Total Checkouts Barcode Date last seen Copy number Price effective from Koha item type
    Dewey Decimal Classification     London London Journal article 20/03/2001   111492-1001 06/08/2019 1 06/08/2019 Journal article